| 000 | 00631nam a2200217 i 4500 | ||
|---|---|---|---|
| 001 | 145575 | ||
| 003 | ES-MaACL | ||
| 005 | 20230906201248.0 | ||
| 007 | t| | ||
| 008 | 071015s1983 fr |||| | fre d | ||
| 020 | _a2-02-006367-0 | ||
| 100 | 1 |
_aVeyne, Paul. _9114238 |
|
| 245 | 1 | 4 |
_aLes Grecs ont-ils cru áa leurs mythes? _b: essai sur l'imagination constituante / _cPaul Veyne. |
| 260 |
_aParis : _bEditions du Seuil, _c[1983] |
||
| 300 |
_a161 p. ; _c21 cm. |
||
| 490 | 1 | _aDes travaux | |
| 650 | 0 | 4 |
_aMitología griega. _915104 |
| 830 | 0 |
_aDes travaux _9220779 |
|
| 852 |
_aES-MaACL _jL-10969 |
||
| 999 |
_c145575 _d145575 |
||